Latin Names of European Cities - Statistics

General Stats
  • This quiz has been taken 116 times
  • The average score is 11 of 31
Answer Stats
Latin name City % Correct
Londinium London
96%
Athenae Athens
94%
Neapolis Naples
93%
Florentia Florence
90%
Lutetia Paris
81%
Mediolanum Milan
68%
Massalia Marseille
66%
Aquae Sulis Bath
51%
Vindobona Vienna
51%
Barium Bari
46%
Basilea Basel
42%
Ancona Ancona
41%
Panormus Palermo
29%
Turicum Zürich
26%
Comum Como
23%
Cantabrigia Cambridge
18%
Carcaso Carcassonne
18%
Valentia Valence
18%
Felsina Bologna
14%
Portus Namnetus Nantes
13%
Aquisgranium Aachen
12%
Argentoratum Strasbourg
11%
Dubris Dover
10%
Glevum Gloucester
9%
Trajectum ad Rhenum Utrecht
9%
Durocortorum Remorum Reims
7%
Antipolis Antibes
6%
Oenipons Innsbruck
4%
Rotomagus Rouen
4%
Caesarodunum Tours
3%
Augustoritum Limoges
1%
No matching quizzes found
Score Distribution
Percent of People with Each Score
Percentile by Number Answered
Your Score History
You have not taken this quiz